TV's Rollover Roles Quiz Stats

 Plays Quiz Updated Oct 14, 2016

Challenge
Share
Tweet
Embed
Score 0/60 Timer 10:00
3 Plays Today
Character Actor/Series % Correct
Dr. Frasier CraneFrasier
88.8%
Joey TribbianiFriends
86.5%
Dr. Frasier CraneCheers
85.4%
Joey TribbianiJoey
81.5%
Denise HuxtableThe Cosby Show
76.5%
Dr. Frasier CraneKelsey Grammer
74%
Archie BunkerAll in the Family
70.4%
Joey TribbianiMatt LeBlanc
69.1%
Lou GrantThe Mary Tyler Moore Show
52.8%
Capt. Donald CragenLaw & Order
51.5%
Fr. Francis MulcahyM*A*S*H
49.8%
Benson DuBoisBenson
49.3%
Dr. Addison Montgomery (Shepherd)Grey's Anatomy
49.1%
Gomer PyleThe Andy Griffith Show
49%
WorfStar Trek: The Next Generation
47%
Denise HuxtableA Different World
46.6%
Archie BunkerCarroll O'Connor
45.9%
Det. John MunchLaw & Order: Special Victims Unit
45.6%
Capt. Donald CragenLaw & Order: Special Victims Unit
45.6%
Lou GrantLou Grant
44.5%
Lou GrantEd Asner
44.1%
Edna GarrettThe Facts of Life
43.6%
Dr. Addison Montgomery (Shepherd)Private Practice
43.4%
WorfStar Trek: Deep Space Nine
39%
Gomer PyleGomer Pyle, USMC
38.5%
Florida EvansGood Times
36.5%
Benson DuBoisSoap
35.7%
Edna GarrettDiff'rent Strokes
35.7%
Denise HuxtableLisa Bonet
34.6%
Cordelia ChaseBuffy the Vampire Slayer
32.5%
Character Actor/Series % Correct
Cordelia ChaseAngel
32.1%
Gomer PyleJim Nabors
31%
Det. John MunchHomicide: Life on the Street
29.9%
Archie BunkerArchie Bunker's Place
27.3%
WorfMichael Dorn
24.5%
Florida EvansMaude
23.1%
Fr. Francis MulcahyAfter MASH
23%
Edna GarrettCharlotte Rae
21.5%
Det. John MunchRichard Belzer
21%
Cordelia ChaseCharisma Carpenter
20.3%
Dr. Addison Montgomery (Shepherd)Kate Walsh
19.8%
Benson DuBoisRobert Guillaume
18.2%
Oscar GoldmanThe Six Million Dollar Man
17%
Florida EvansEsther Rolle
16.4%
Oscar GoldmanThe Bionic Woman
16.2%
Alexander WaverlyLeo G. Carroll
15.1%
Alan ShoreBoston Legal
15%
Fr. Francis MulcahyWilliam Christopher
13.6%
Alan ShoreThe Practice
13.1%
Alan ShoreJames Spader
11.2%
Elroy P. LoboThe Misadventures of Sheriff Lobo
8.5%
Elroy P. LoboB.J. and the Bear
8.1%
Capt. Donald CragenDann Florek
7.9%
Samantha CarterStargate SG1
7.3%
Samantha CarterStargate Atlantis
6.9%
Oscar GoldmanRichard Anderson
6.6%
Alexander WaverlyThe Man From U.N.C.L.E.
6.4%
Alexander WaverlyThe Girl From U.N.C.L.E.
5.2%
Elroy P. LoboClaude Akins
5.1%
Samantha CarterAmanda Tapping
5%

You're not logged in!

Compare scores with friends on all Sporcle quizzes.
Join for Free
OR
Log In

You Might Also Like...

Show Comments

Extras

Top Quizzes Today


Score Distribution

Your Account Isn't Verified!

In order to create a playlist on Sporcle, you need to verify the email address you used during registration. Go to your Sporcle Settings to finish the process.

Report this User

Report this user for behavior that violates our Community Guidelines.

Details: